American electricians' handbook / (Record no. 60939)
[ view plain ]
| 000 -LEADER | |
|---|---|
| fixed length control field | 00992pam a2200277 i 4500 |
| 001 - CONTROL NUMBER | |
| control field | 2771421 |
| 003 - CONTROL NUMBER IDENTIFIER | |
| control field | NUST-PNEC |
| 005 - DATE AND TIME OF LATEST TRANSACTION | |
| control field | 20170116180710.0 |
| 008 - FIXED-LENGTH DATA ELEMENTS--GENERAL INFORMATION | |
| fixed length control field | 800409s1981 nyua 001 0 eng |
| 010 ## - LIBRARY OF CONGRESS CONTROL NUMBER | |
| LC control number | 80014757 |
| 020 ## - INTERNATIONAL STANDARD BOOK NUMBER | |
| International Standard Book Number | 0070139318 |
| 040 ## - CATALOGING SOURCE | |
| Transcribing agency | PNEC |
| 050 00 - LIBRARY OF CONGRESS CALL NUMBER | |
| Classification number | TK151 |
| Item number | .C8 1981 |
| 082 00 - DEWEY DECIMAL CLASSIFICATION NUMBER | |
| Classification number | 621.302 SUM |
| 100 1# - MAIN ENTRY--PERSONAL NAME | |
| Personal name | Summers, Wilford I. |
| 245 10 - TITLE STATEMENT | |
| Title | American electricians' handbook / |
| Statement of responsibility, etc. | Wilford I. Summers, editor. |
| 250 ## - EDITION STATEMENT | |
| Edition statement | 10th ed. |
| 260 ## - PUBLICATION, DISTRIBUTION, ETC. | |
| Place of publication, distribution, etc. | New York : |
| Name of publisher, distributor, etc. | McGraw-Hill, |
| Date of publication, distribution, etc. | c1981. |
| 300 ## - PHYSICAL DESCRIPTION | |
| Extent | 1659 p. in various pagings : |
| Other physical details | ill. ; |
| Dimensions | 24 cm. |
| 500 ## - GENERAL NOTE | |
| General note | Includes Index http://www.amazon.com/American-electricians-handbook-Wilford-Summers/dp/0070139318/ref=sr_1_1?s=books&ie=UTF8&qid=1412320947&sr=1-1&keywords=0070139318 |
| 500 ## - GENERAL NOTE | |
| General note | Includes index. |
| 650 #0 - SUBJECT ADDED ENTRY--TOPICAL TERM | |
| Topical term or geographic name entry element | Electrical engineering |
| Form subdivision | Handbooks, manuals, etc. |
| General subdivision | EE |
| 700 1# - ADDED ENTRY--PERSONAL NAME | |
| Personal name | Watt, John H. |
| Title of a work | American electricians' handbook. |
| 906 ## - LOCAL DATA ELEMENT F, LDF (RLIN) | |
| a | 7 |
| b | cbc |
| c | orignew |
| d | 1 |
| e | ocip |
| f | 19 |
| g | y-gencatlg |
| 942 ## - ADDED ENTRY ELEMENTS (KOHA) | |
| Source of classification or shelving scheme | |
| Koha item type | Book |
| Withdrawn status | Lost status | Source of classification or shelving scheme | Damaged status | Not for loan | Permanent Location | Current Location | Shelving location | Date acquired | Source of acquisition | Cost, normal purchase price | Total Checkouts | Full call number | Barcode | Date last seen | Cost, replacement price | Price effective from | Koha item type |
|---|---|---|---|---|---|---|---|---|---|---|---|---|---|---|---|---|---|
| Pakistan Navy Engineering College (PNEC) | Pakistan Navy Engineering College (PNEC) | Reference | 08/25/1986 | Habib Sons | 1287.00 | 621.302 SUM | PNECLIB-010246 | 10/03/2014 | 1287.00 | 08/25/1986 | Book |
